| 000 | 01050nam a22002897a 4500 | ||
|---|---|---|---|
| 001 | BRCA_9367 | ||
| 003 | FranzMayer | ||
| 005 | 20230918123433.0 | ||
| 008 | 230830b |||||||| |||| 00| 0 eng d | ||
| 040 |
_aMFM _bespañol _cMFM |
||
| 050 |
_aNC1000 _bB45 |
||
| 100 | 1 |
_4Autor _aBello, Paula _929363 |
|
| 240 |
_aDel ártico _hConversaciones de diseño. Finlandia _lespañol |
||
| 245 | 0 |
_aDel ártico _bConversaciones de diseño. Finlandia |
|
| 260 |
_aMéxico _bMuseo Franz Mayer |
||
| 300 |
_a47 p _bIlustraciones _c15 cm |
||
| 500 | _aAnexo 1 | ||
| 500 | _aAl libro le faltan datos como año de publicación o ISBN | ||
| 505 | _aTexto en: españolIncluye índice temáticoIncluye índice fotográficoDirigido a: artistas y museógrafos | ||
| 650 | 1 |
_2Diseño _aArtes decorativas _vMuseos _929364 |
|
| 700 | 1 |
_4Cool. _aAarnio, Eero. _929365 |
|
| 700 | 1 |
_4Cool. _aOrvola, Heikki _929366 |
|
| 700 | 1 |
_4Cool. _aSaarela, Pekka _929367 |
|
| 700 | 1 |
_4Cool. _aSarpaneva, Timo _929368 |
|
| 700 | 1 |
_4Cool. _aStenros, Anne _929369 |
|
| 942 |
_2lcc _cB |
||
| 999 |
_c10989 _d10989 |
||